Loading...

Savithri Rajeevante kavithakal

Bibliographic Details
Main Author: Savithri Rajeevan
Format: Printed Book
Published: Kozhikode Mathrubhumi Books 2009
Subjects:
LEADER 00638nam a22001931a 4500
020 |a 9788182646797  |c 0.00 
040 |a SSUS - Library - Kalady 
082 |a M1  |b SAV/S 
100 |a Savithri Rajeevan 
245 |a Savithri Rajeevante kavithakal  |h [Text] 
260 |a Kozhikode  |b Mathrubhumi Books  |c 2009 
300 |a 138p. 
600 |a Literature 
600 |a Literature Malayalam 
600 |a Poetry Malayalam 
852 |h M1  |i SAV/S  |p 060098  |9 85.00  |t 0 
942 |c BK 
999 |c 40937  |d 40937 
952 |0 0  |1 0  |4 0  |6 M_1_000000000000000_SAV_S  |7 0  |9 59397  |a SSUS  |b SSUS  |d 2015-01-08  |g 85.00  |l 9  |o M1 SAV/S  |p 060098  |r 2020-01-07  |s 2020-01-03  |v 0.00  |w 2015-01-08  |y BK